Southville International School and Colleges
Your cart is empty.
  • Cart
  • Lists
    Public lists Eva Luna New books Lux_list list_1
    Your lists Log in to create your own lists
  • Log in to your account
  • Your cookies
  • Search history
Southville International School and Colleges
  • Advanced search
  • Recent comments
  • Most popular
  • Libraries

Log in to your account

Log in with GOOGLE


If you do not have an external account, but do have a local account, you can still log in:

  1. Home
  2. MARC view: 25 kitchens /
Normal view MARC view ISBD view

25 kitchens / (Record no. 10473)

[ view plain ]
MARC details
000 -LEADER
fixed length control field 00516nam a22001937a 4500
003 - CONTROL NUMBER IDENTIFIER
control field SISC
005 - DATE AND TIME OF LATEST TRANSACTION
control field 20160317151334.0
008 - FIXED-LENGTH DATA ELEMENTS--GENERAL INFORMATION
fixed length control field 130117t xxu||||| |||| 00| 0 eng d
020 ## - INTERNATIONAL STANDARD BOOK NUMBER
International Standard Book Number 9789715847636
050 ## - LIBRARY OF CONGRESS CALL NUMBER
Classification number NK 2117
Item number .C149 2008
082 ## - DEWEY DECIMAL CLASSIFICATION NUMBER
Classification number HS 643
Item number C11 2008
100 ## - MAIN ENTRY--PERSONAL NAME
Personal name Calero, Rafael
9 (RLIN) 16776
245 ## - TITLE STATEMENT
Title 25 kitchens /
Statement of responsibility, etc Rafael Calero
260 ## - PUBLICATION, DISTRIBUTION, ETC. (IMPRINT)
Place of publication, distribution, etc Quezon City :
Name of publisher, distributor, etc C & E Publishing,
Date of publication, distribution, etc c2008.
300 ## - PHYSICAL DESCRIPTION
Extent 137 p. ;
Other physical details ill. ;
Dimensions 30 cm.
650 ## - SUBJECT ADDED ENTRY--TOPICAL TERM
Topical term or geographic name as entry element Kitchens
9 (RLIN) 16777
942 ## - ADDED ENTRY ELEMENTS (KOHA)
Source of classification or shelving scheme Library of Congress Classification
Koha item type Books
Holdings
Withdrawn status Lost status Source of classification or shelving scheme Damaged status Home library Current library Shelving location Date acquired Total Checkouts Full call number Barcode Date last seen Date checked out Copy number Price effective from Koha item type
    Library of Congress Classification   Luxembourg Library Luxembourg Library High School Section 09/06/2013 1 NK 2117 .C149 2008 17626 10/11/2018 10/09/2018 1 09/06/2013 Books

25 kitchens /

APA

Calero R., . (2008). 25 kitchens. Quezon City: C & E Publishing.

Chicago

Calero Rafael, . 2008. 25 kitchens. Quezon City: C & E Publishing.

Harvard

Calero R., . (2008). 25 kitchens. Quezon City: C & E Publishing.

MLA

Calero Rafael, . 25 kitchens. Quezon City: C & E Publishing. 2008.

  • Place hold
  • Print
  • Cite
  • Add to your cart (remove)
  • Save record
    BIBTEX Dublin Core MARCXML MARC (non-Unicode/MARC-8) MARC (Unicode/UTF-8) MARC (Unicode/UTF-8, Standard) MODS (XML) RIS
  • More searches
    Search for this title in:
    Other Libraries (WorldCat) Other Databases (Google Scholar) Online Stores (Bookfinder.com) Open Library (openlibrary.org)

Exporting to Dublin Core...

SOUTHVILLE LIBRARY

Southville International School and Colleges Library

1281 Tropical Ave. Cor. Luxembourg St., BF Homes International, Las Pinas City

Tel. No. 8256374 / 252358 Loc. 117/146

Powered by Koha